Problémy pedagogiky dospelých /

Hlavní autor: Paška, Pavel, 1917-2013
Jazyk: Slovenština
Vydáno: Bratislava : Slovenské pedagogické nakladateľstvo, 1970
Vydání: 1. vyd.
Edice: Pedagogické aktuality (Slovenské pedagogické nakladateľstvo)
Témata:
Fyzický popis: 166 s.
Language note: Anglické, německé a ruské resumé
Knihy
Uloženo v:
LEADER 01463nam a22003252a 4500
001 000113383
003 CZ BrMZK
005 20090616134953.0
007 ta
008 970107s1970 xo f slo d
040 |a BOA001  |b cze 
041 0 |a slo  |b eng  |b ger  |b rus 
100 1 |a Paška, Pavel,  |d 1917-2013  |7 mzk2002144649  |4 aut 
245 1 0 |a Problémy pedagogiky dospelých /  |c Pavol Paška 
250 |a 1. vyd. 
260 |a Bratislava :  |b Slovenské pedagogické nakladateľstvo,  |c 1970 
300 |a 166 s. 
490 1 |a Pedagogické aktuality 
504 |a Obsahuje bibliografii 
546 |a Anglické, německé a ruské resumé 
830 0 |a Pedagogické aktuality (Slovenské pedagogické nakladateľstvo) 
910 |a BOA001  |b PK-0060.702  |b 1-0658.392 
964 |a Vzdělávání dospělých - úvody 
990 |a BK 
996 6 |b 2619494018  |c 1-0658.392  |l MZK  |r Sklad / do 1 hodiny  |n 1  |w 000113383  |u 000050  |a 1  |e BOA001  |j MZK50  |s P 
996 7 |b 3119679092  |c PK-0060.702  |l MZK  |r Sklad / do 1 hodiny  |n 0  |w 000113383  |u 000060  |a 1  |e BOA001  |j MZK50  |s A 
996 7 |b 3119811024  |c PK-0060.702  |l MZK  |r Sklad / do 1 hodiny  |n 1  |w 000113383  |u 000040  |a 1  |e BOA001  |j MZK50  |s A 
996 7 |b 3119811025  |c PK-0060.702  |l MZK  |r Sklad / do 1 hodiny  |n 0  |w 000113383  |u 000030  |a 1  |e BOA001  |j MZK50  |s A 
996 7 |b 3119923841  |c PK-0060.702  |l MZK  |r Sklad / do 1 hodiny  |n 0  |w 000113383  |u 000020  |a 1  |e BOA001  |j MZK50  |s A 
996 7 |b 3119957954  |c PK-0060.702  |l MZK  |r Sklad / do 1 hodiny  |n 2  |w 000113383  |u 000010  |a 1  |e BOA001  |j MZK50  |s A